L'Europe de 1919 à 1939 (notice n° 1925103)
[ vue normale ]
| 000 -LEADER | |
|---|---|
| fixed length control field | 01354cam a2200133 4500500 |
| 005 - DATE AND TIME OF LATEST TRANSACTION | |
| control field | 20260329023142.0 |
| 041 ## - LANGUAGE CODE | |
| Language code of text/sound track or separate title | fre |
| 042 ## - AUTHENTICATION CODE | |
| Authentication code | dc |
| 100 10 - MAIN ENTRY--PERSONAL NAME | |
| Personal name | Bonhomme, Éric |
| Relator term | author |
| 245 00 - TITLE STATEMENT | |
| Title | L'Europe de 1919 à 1939 |
| 260 ## - PUBLICATION, DISTRIBUTION, ETC. | |
| Name of publisher, distributor, etc. | Armand Colin,<br/> |
| Date of publication, distribution, etc. | 2014.<br/> |
| 520 ## - SUMMARY, ETC. | |
| Summary, etc. | L’histoire de l’Europe de 1919 à 1939 est souvent comprise comme un entre-deux-guerres, à la fois parenthèse et trait d’union entre les deux conflits mondiaux. Cet ouvrage reprend d’abord cette problématique classique, avant de s’attacher à montrer que la période est aussi caractérisée par nombre d’innovations, dans la manière de penser les relations internationales, les rapports économiques et sociaux, la vie culturelle. L’Europe de la poussée des totalitarismes, de la « décadence », pour reprendre le mot de Jean-Baptiste Duroselle à propos des années 1930, est aussi, à bien des égards, un laboratoire qui annonce le second XXe siècle. Les étudiants trouveront dans la seconde partie de ce livre des textes, des cartes et des images commentées qui leur permettront de s’initier aux méthodes de l’historien, ainsi que des exemples de dissertations, sur un mode progressif, allant du simple plan au devoir rédigé. |
| 856 41 - ELECTRONIC LOCATION AND ACCESS | |
| Uniform Resource Identifier | <a href="https://shs.cairn.info/l-europe-de-1919-a-1939--9782200286507?lang=fr&redirect-ssocas=7080">https://shs.cairn.info/l-europe-de-1919-a-1939--9782200286507?lang=fr&redirect-ssocas=7080</a> |
Pas d'exemplaire disponible.




Réseaux sociaux